Los ferrocarriles británicos en Uruguay: desde sus orígenes hasta la crisis del 90
Gorde:
| Egile nagusia: | |
|---|---|
| Formatua: | Liburua |
| Hizkuntza: | gaztelania |
| Argitaratua: |
Montevideo
Nuevo Mundo
1987
|
| Saila: | Cuadernos Uruguayos
|
| Gaiak: | |
| Etiketak: |
Etiketa erantsi
Etiketarik gabe, Izan zaitez lehena erregistro honi etiketa jartzen!
|
MARC
| LEADER | 00000nam a2200000 a 4500 | ||
|---|---|---|---|
| 001 | UCN8249 | ||
| 003 | CL-VaPUC | ||
| 008 | 011109e19870000UY |||||||||||||||||spa|d | ||
| 082 | 0 | 4 | |a 385 |b MAR |2 21 |
| 100 | |a Martínez Díaz, Nelson |e autor |9 477388 | ||
| 245 | 1 | 4 | |a Los ferrocarriles británicos en Uruguay: desde sus orígenes hasta la crisis del 90 |
| 300 | |a 93 p | ||
| 942 | |c BK | ||
| 945 | |d 20011109 00:00:00 |a cmena | ||
| 260 | |a Montevideo |b Nuevo Mundo |c 1987 | ||
| 650 | 0 | |a Ferrocarriles |x Historia |9 314724 | |
| 650 | 7 | |a HISTORIA URUGUAYA - FERROCARRILES |2 CL-VaPUC |9 464550 | |
| 650 | 0 | |a Inversiones extranjeras |9 255451 | |
| 651 | 0 | |a Gran Bretaña |9 256767 | |
| 651 | 0 | |a Uruguay |9 255194 | |
| 583 | |a last modification |c 20011109 00:00:00 |k Rodrigo Vera | ||
| 490 | 0 | |a Cuadernos Uruguayos | |
| 999 | |c 298271 |d 298269 | ||
| 952 | |0 0 |1 0 |4 0 |6 385_000000000000000_MAR_1987 |7 0 |8 A |9 353757 |a BIBHIS |b BIBHIS |d 2019-11-21 |i 3769097 |o 385 MAR 1987 |p 3769097 |r 2025-01-20 |w 2019-11-21 |y BK |k HIS | ||